Civil Procedure (Record no. 1679982)

MARC details
000 -LEADER
fixed length control field 00460nam a2200181 4500
005 - DATE AND TIME OF LATEST TRANSACTION
control field 20260219104523.0
008 - FIXED-LENGTH DATA ELEMENTS--GENERAL INFORMATION
fixed length control field 260219b |||||||| |||| 00| 0 eng d
020 ## - INTERNATIONAL STANDARD BOOK NUMBER
International Standard Book Number 9789348179340
040 ## - CATALOGING SOURCE
Original cataloging agency LC1
Transcribing agency LC1
041 ## - LANGUAGE CODE
Source of code eng
Language code of text/sound track or separate title eng
084 ## - COLON CLASSIFICATION NUMBER
Classification number Z2,7,11qN08
100 ## - MAIN ENTRY--PERSONAL NAME
Personal name Takwani, C.K
9 (RLIN) 1116285
245 ## - TITLE STATEMENT
Title Civil Procedure
Remainder of title Limitation and commercial courts
250 ## - EDITION STATEMENT
Edition statement 10th
260 ## - PUBLICATION, DISTRIBUTION, ETC.
Place of publication, distribution, etc. Lucknow
Name of publisher, distributor, etc. EBC
Date of publication, distribution, etc. 2025
300 ## - PHYSICAL DESCRIPTION
Extent S-6, 847
942 ## - ADDED ENTRY ELEMENTS (KOHA)
Source of classification or shelving scheme Colon Classification (CC)
Suppress in OPAC No
Koha item type Textbook
Holdings
Withdrawn status Lost status Source of classification or shelving scheme Damaged status Not for loan Home library Current library Date acquired Source of acquisition Cost, normal purchase price Inventory number Total Checkouts Full call number Barcode Date last seen Copy number Price effective from Koha item type
    Colon Classification (CC)     Law Centre-I Library Law Centre-I Library 2026-01-17 Bookwell Publications 916.00 673/17-01-26   Z2,7,11qN08 R5 LO1646114 2026-02-19 7 2026-02-19 Textbook
Copyright @ Delhi University Library System